Vybrané aspekty administrácie a ladenia databázy Oracle 10g diplomová práca

Saved in:
Bibliographic Details
Main Author: Facuna, Vladimír
Corporate Author: Fakulta hospodárskej informatiky EU. Katedra aplikovanej informatiky
Other Authors: Škurla, Peter
Format: Book
Language:Slovak
Published: Bratislava 2011
Tags: Add Tag
No Tags, Be the first to tag this record!

MARC

LEADER 00000nbm a2200000 4500
001 0140917
005 20161109101959.6
041 0 |a slo 
044 |a SK 
245 1 0 |a Vybrané aspekty administrácie a ladenia databázy Oracle 10g  |b diplomová práca  |c Vladimír Facuna ; školiteľ: Peter Škurla 
264 1 |a Bratislava  |c 2011 
300 |a 90 s. 
100 1 |a Facuna, Vladimír 
700 1 |a Škurla, Peter 
710 2 |a Fakulta hospodárskej informatiky EU. Katedra aplikovanej informatiky